Normal view
MARC view
- Guibas, Leonidas J
Entry Personal Name
001 - CONTROL NUMBER
- control field: 101430
003 - CONTROL NUMBER IDENTIFIER
- control field: NUST
005 - DATE AND TIME OF LATEST TRANSACTION
- control field: 20221026134055.0
008 - FIXED-LENGTH DATA ELEMENTS
- fixed length control field: 221026|| aca||aabn | a|a d
040 ## - CATALOGING SOURCE
- Original cataloging agency: NUST
- Transcribing agency: NUST
100 ## - HEADING--PERSONAL NAME
- Personal name: Guibas, Leonidas J
670 ## - SOURCE DATA FOUND
- Source citation: Work cat.: (NUST)179740: Zhao, Feng, 101429, Wireless sensor networks :, c2004.
